000 00548nam a2200205Ia 4500
003 OSt
005 20250205142409.0
008 210210b1959 xxu||||| |||| 00| 0 eng d
040 _cAL
041 _aKannada
082 _a859/1208
100 _aBICHI BALLARI
_9131475
_dಬೀಚಿ.
245 _aHuchchu hurulu
_bಹುಚ್ಚು ಹುರುಳು
260 _aDharavada
_bSamaja Pustakalaya
_c1959
650 _ahuruLu
_9131476
650 _aHuchchu
_9131477
690 _aKannada Fiction
_9131478
906 _a021949
942 _2ddc
_cBK
999 _c146055
_d146055